using of tumeric as anticoccidial on three blood chickens on veterinary research station at royal university of agriculture ការប្រើប្រាស់រមៀតស្រស់ជាសារធាតុប្រឆាំង COCCIDIA ក្នុងប្រដាប់រំលាយអាហារមាន់បីឈាមនៅស្ថានីយស្រាវជ្រាវវេជ្ចសាស្រ្តនៃសាកលវិទ្យាល័យភូមិន្ទកសិកម្ម (Record no. 18680)

000 -LEADER
fixed length control field 00915nam a22001337a 4500
040 ## - CATALOGING SOURCE
Transcribing agency RUA
082 ## - DEWEY DECIMAL CLASSIFICATION NUMBER
Classification number AVM SAM 2018 B654 Or.1
100 ## - MAIN ENTRY--AUTHOR NAME
Personal name SAMVEASNA DAVID សំវាសនា ដាវីដ
245 ## - TITLE STATEMENT
Title using of tumeric as anticoccidial on three blood chickens on veterinary research station at royal university of agriculture ការប្រើប្រាស់រមៀតស្រស់ជាសារធាតុប្រឆាំង COCCIDIA ក្នុងប្រដាប់រំលាយអាហារមាន់បីឈាមនៅស្ថានីយស្រាវជ្រាវវេជ្ចសាស្រ្តនៃសាកលវិទ្យាល័យភូមិន្ទកសិកម្ម
260 ## - PUBLICATION, DISTRIBUTION, ETC. (IMPRINT)
Place of publication RUA
Name of publisher Phnom penh
Year of publication 2018
300 ## - PHYSICAL DESCRIPTION
Number of Pages ix;38p
Other physical details ill;
Dimensions 29cm
856 ## - ELECTRONIC LOCATION AND ACCESS
Uniform Resource Identifier https://drive.google.com/file/d/17iF0SySot5tp_CShFbTIFjrfEDO_i2GL/view?usp=sharing
942 ## - ADDED ENTRY ELEMENTS (KOHA)
Koha item type AVM
952 ## - LOCATION AND ITEM INFORMATION (KOHA)
Withdrawn status [LOCAL, KOHA] 0
952 ## - LOCATION AND ITEM INFORMATION (KOHA)
Withdrawn status [LOCAL, KOHA] 0
952 ## - LOCATION AND ITEM INFORMATION (KOHA)
Withdrawn status [LOCAL, KOHA] 0
952 ## - LOCATION AND ITEM INFORMATION (KOHA)
Withdrawn status [LOCAL, KOHA] 0
952 ## - LOCATION AND ITEM INFORMATION (KOHA)
Withdrawn status [LOCAL, KOHA] 0
952 ## - LOCATION AND ITEM INFORMATION (KOHA)
Withdrawn status [LOCAL, KOHA] 0
Holdings
Permanent Location Date acquired Koha item type Lost status Shelving location Barcode Current Location Full call number
Library Block B2020-01-08AVM B654A43410Library Block BAVM SAM 2018 B654 Or.1
Library Block B2020-01-08AVM B654A43435Library Block BAVM SAM 2018 B654 Or.2
Library Block B2020-01-08AVM B654A43415Library Block BAVM SAM 2018 B654 Or.3
Library Block B2020-01-08AVM B654A43490Library Block BAVM SAM 2018 B654 Or.4
Library Block B2020-01-08AVM B654A063414Library Block BAVM SAM 2018 B654 Or.5
Library Block B2020-01-08AVM B654A43425Library Block BAVM SAM 2018 B654 Or.6
មជ្ឈមណ្ឌលឯការនៃសាកលវិទ្យាល័យភូមិន្ទកសិកម្មចំការដូង

Powered by Koha